000 00523nam a2200193 a 4500
001 1760621281706
003 ACL
005 20251016190405.0
008 251016s2010##################000#0#eng##
020 _a9780470742464
082 0 4 _a658.4092
_bKET
100 1 _aVries, Manfred F. R. Kets de,
_eauthor.
245 1 0 _aReflections on Leadership and Career Development :
260 _bJohn Wiley & Sons,
_c2010.
300 _a284 pages
650 0 _aBusiness & Economics.
942 _cENGLISH
040 _aACL
_beng
_cACL
999 _c592021
_d592021